000 00552cam a2200205 4500
001 ABS64382
008 010910n2001 000 0 eng u
035 _a(Sirsi) u114493
100 _aLuba, J
245 _aRecent developments in housing law
260 _c2001
490 _aLegal Action
_v September 2001, 23-26(4)
520 _aPresents recent developments in housing law, looking at cases relevant to housing.
590 _aABS
650 _aHOUSING LAW
650 _aCASE LAW
690 _aHOUSING
700 _aMadge, N
942 _n0
999 _c68209
_d68209